00799nam a22002057a 4500999001500000001000500015003000900020005001700029008004100046040003800087082002300125245008700148260003900235300002200274505008700296650004400383700002800427942001200455952012600467 c7124d71248991BD-DhUAP20210113162357.0210113s1994 bg x p w 0 a0eng d aBD-DhAALcBD-DhAALbEngdBD-DhUAP00a348.549204 DHA22300aThe Dhaka Law Reports :ba monthly law journal /cedited by Obaidul Huq Chowdhury. aDhaka :bDhaka law reports,c1994. avolumes ;c26 cm. aV. 46-Index of cases of the appellate division of the supreme court of Bangladesh. aLaw reports, digests, etc.zBangladesh. aChowdhury, Obaidul Huq. 2ddccBK 00102ddc4070aDBASLbDBASLcGeneral Stacksd2021-01-13o348.549204 DHA V-46p3010008991r2021-01-13t1w2021-01-13yBK